[Event "Innsbruck op 3rd"]
[Site "Innsbruck"]
[Date "2019.08.30"]
[Round "8"]
[White "Gula, Julian"]
[Black "Casadio, Niccolo"]
[Result "1-0"]
[WhiteElo "2003"]
[BlackElo "1955"]
[PlyCount "149"]
[EventDate "2019.08.25"]
[EventType "swiss"]
[EventRounds "9"]
[EventCountry "AUT"]
[SourceTitle "EXT 2020"]
[Source "ChessBase"]
[SourceDate "2019.10.17"]
[SourceVersion "1"]
[SourceVersionDate "2019.10.17"]
[SourceQuality "1"]

1. Nf3 d5 2. b3 Nf6 3. Bb2 e6 4. e3 Be7 5. c4 0-0 6. Be2 b6 7. 0-0 Bb7 8. d3 c5 9. Nbd2 Nc6 10. cxd5 Nxd5 11. a3 Bf6 12. Qc2 Bxb2 13. Qxb2 Qf6 14. Qxf6 gxf6 15. Rfc1 Rfd8 16. Nc4 Rac8 17. Ra2 Nde7 18. Nfd2 Ne5 19. Nxe5 fxe5 20. f3 Rc7 21. Rac2 Rcd7 22. Nc4 f6 23. Kf2 Nd5 24. g4 Rg7 25. Rb1 Rf8 26. b4 cxb4 27. axb4 Rc7 28. Rcc1 Rfc8 29. Rg1 Nc3 30. Ra1 Nxe2 31. Kxe2 Bd5 32. Nd2 Ra8 33. b5 Rc2 34. Rgc1 Rb2 35. Rc7 Rxb5 36. Raxa7 Rxa7 37. Rxa7 Rb2 38. Kd1 Rb4 39. Kc2 Rb5 40. h4 Rc5+ 41. Kb2 Rb5+ 42. Kc2 Rc5+ 43. Kb2 Rb5+ 44. Ka3 Rc5 45. e4 Rc3+ 46. Kb2 Rxd3 47. Kc2 Bc4 48. Nxc4 Rxf3 49. Nxb6 Rf4 50. Nd7 Kh8 51. h5 h6 52. Kd3 Kg8 53. Ke3 f5 54. Nf6+ Kf8 55. Nh7+ Kg8 56. Nf6+ Kf8 57. g5 hxg5 58. h6 Rh4 59. Ra8+ Kf7 60. h7 f4+ 61. Kf3 g4+ 62. Nxg4 Rh3+ 63. Kg2 Rxh7 64. Ra7+ Kg6 65. Rxh7 Kxh7 66. Kf3 Kg7 67. Nxe5 Kf6 68. Kxf4 Ke7 69. Nc4 Kf6 70. e5+ Kf7 71. Nd6+ Kf8 72. Kg5 Kg7 73. Ne4 Kf7 74. Nc5 Ke7 75. Kg6 1-0

[Event "Dortmund Sparkassen op 47th"]
[Site "Dortmund"]
[Date "2019.07.14"]
[Round "2"]
[White "Gula, Julian"]
[Black "Manthei, Michael"]
[Result "1-0"]
[WhiteElo "1991"]
[BlackElo "1935"]
[PlyCount "83"]
[EventDate "2019.07.13"]
[EventType "swiss"]
[EventRounds "9"]
[EventCountry "GER"]
[SourceTitle "EXT 2020"]
[Source "ChessBase"]
[SourceDate "2019.10.17"]
[SourceVersion "1"]
[SourceVersionDate "2019.10.17"]
[SourceQuality "1"]

1. e4 h6 2. d4 a6 3. Nc3 g6 4. Be3 Bg7 5. a4 d6 6. Bc4 e6 7. Qd2 Nd7 8. Nge2 b6 9. 0-0 Bb7 10. Bb3 Ngf6 11. f3 Qe7 12. Kh1 0-0-0 13. d5 e5 14. a5 Nc5 15. axb6 cxb6 16. Na4 Qc7 17. Qb4 Nfd7 18. Nc1 f5 19. Nd3 fxe4 20. fxe4 Rhf8 21. Naxc5 dxc5 22. Qc3 Nf6 23. Nf2 Nd7 24. Bc4 Nb8 25. Be2 Nd7 26. Bxa6 Nf6 27. Bxb7+ Kxb7 28. b4 c4 29. b5 Ra8 30. Rxa8 Rxa8 31. Ra1 Qc8 32. h3 Nh5 33. Kh2 Bf8 34. Rxa8 Kxa8 35. Qa1+ Kb8 36. Bxb6 Qb7 37. Qxe5+ Ka8 38. Qa1+ Kb8 39. Qe5+ Ka8 40. Bc7 Qxb5 41. Qe6 Kb7 42. Qf7 1-0

[Event "Helsingor Xtracon op"]
[Site "Helsingor"]
[Date "2017.07.26"]
[Round "6"]
[White "Madsen, Michael Bohring"]
[Black "Gula, Julian"]
[Result "0-1"]
[WhiteElo "2092"]
[BlackElo "1869"]
[PlyCount "100"]
[EventDate "2017.07.22"]
[EventType "swiss"]
[EventRounds "10"]
[EventCountry "DEN"]
[SourceTitle "CBM 179 Extra"]
[Source "ChessBase"]
[SourceDate "2017.08.23"]
[SourceVersion "1"]
[SourceVersionDate "2017.08.23"]
[SourceQuality "1"]

1. d4 Nf6 2. c4 e6 3. Nc3 Bb4 4. e3 c5 5. Bd3 0-0 6. Nge2 b6 7. 0-0 cxd4 8. exd4 Bb7 9. a3 Be7 10. Bc2 d5 11. cxd5 Nxd5 12. Nxd5 Qxd5 13. f3 Bf6 14. Be3 Rd8 15. Qd2 Nc6 16. Rfd1 Qd7 17. Kh1 Ne7 18. Bg5 Nd5 19. Bxf6 Nxf6 20. Qe1 Rac8 21. Nc3 Rc4 22. Bd3 Rxd4 23. Bxh7+ Nxh7 24. Rxd4 Qxd4 25. Rd1 Qf6 26. h3 Ng5 27. Qg3 Rxd1+ 28. Nxd1 e5 29. Nc3 Qf4 30. Qxf4 exf4 31. Nb5 a6 32. Nd6 Bd5 33. Nc8 Kf8 34. Nxb6 Bc6 35. Nc4 Ke7 36. b4 Ne6 37. Nb2 Kd6 38. a4 Kd5 39. b5 axb5 40. axb5 Bxb5 41. Nd1 Kd4 42. Nf2 f5 43. Kh2 Ke3 44. Kg1 g5 45. Nh1 Be2 46. Nf2 Nd4 47. Nh1 Bc4 48. Nf2 Ke2 49. Nh1 Ke1 50. Nf2 Ne2+ 0-1

[Event "Helsingor Xtracon op"]
[Site "Helsingor"]
[Date "2016.07.28"]
[Round "7"]
[White "Svedberg, Hans"]
[Black "Gula, Julian"]
[Result "0-1"]
[WhiteElo "1985"]
[BlackElo "1801"]
[PlyCount "62"]
[EventDate "2016.07.23"]
[EventType "swiss"]
[EventRounds "10"]
[EventCountry "DEN"]
[SourceTitle "CBM 173 Extra"]
[Source "ChessBase"]
[SourceDate "2016.08.29"]
[SourceVersion "1"]
[SourceVersionDate "2016.08.29"]
[SourceQuality "1"]

1. e4 e5 2. Nf3 Nc6 3. Bb5 a6 4. Ba4 Nge7 5. c3 g6 6. d4 exd4 7. cxd4 b5 8. Bb3 Bg7 9. 0-0 0-0 10. a4 Bb7 11. Nc3 b4 12. Ne2 Na5 13. d5 Nxb3 14. Qxb3 a5 15. Ned4 d6 16. Bg5 h6 17. Be3 c6 18. dxc6 Nxc6 19. Nb5 Qf6 20. Nfd4 Ne7 21. Nc7 Rac8 22. Nd5 Nxd5 23. exd5 Qe5 24. Nc6 Bxc6 25. dxc6 Rxc6 26. Rad1 Qxb2 27. Qd5 Rfc8 28. Qxa5 b3 29. Qb5 Qa2 30. Rd3 b2 31. Rb3 Rc1 0-1

[Event "Solingen Karneval op"]
[Site "Solingen"]
[Date "2015.02.14"]
[Round "3"]
[White "Rosenauer, Horst"]
[Black "Gula, Julian"]
[Result "1-0"]
[WhiteElo "1963"]
[BlackElo "1632"]
[PlyCount "49"]
[EventDate "2015.02.13"]
[EventType "swiss"]
[EventRounds "5"]
[EventCountry "GER"]
[SourceTitle "EXT 2016"]
[Source "ChessBase"]
[SourceDate "2015.10.08"]
[SourceVersion "1"]
[SourceVersionDate "2015.10.08"]
[SourceQuality "1"]

1. e4 c5 2. Nf3 a6 3. c4 e6 4. Nc3 Nc6 5. d4 cxd4 6. Nxd4 Qc7 7. Be3 Nf6 8. Nxc6 bxc6 9. Bd3 Bb4 10. Rc1 0-0 11. 0-0 Bxc3 12. Rxc3 d6 13. f4 Nd7 14. Qh5 e5 15. f5 Rb8 16. b3 Qa5 17. Rc2 Nf6 18. Qh4 d5 19. Kh1 Bd7 20. Bg5 Nxe4 21. Bxe4 dxe4 22. f6 Qc5 23. Bh6 Rfe8 24. Bxg7 Qe3 25. Bh6 1-0

[Event "GER-chT U14"]
[Site "Magdeburg"]
[Date "2012.12.30"]
[Round "7.4"]
[White "Zouani, Samir"]
[Black "Gula, Julian"]
[Result "0-1"]
[WhiteElo "1486"]
[BlackElo "1372"]
[PlyCount "120"]
[EventDate "2012.12.27"]
[EventType "team-swiss"]
[EventRounds "7"]
[EventCountry "GER"]
[SourceTitle "EXT 2014"]
[Source "ChessBase"]
[SourceDate "2013.11.20"]
[SourceVersion "1"]
[SourceVersionDate "2013.11.20"]
[SourceQuality "1"]
[WhiteTeam "Backnang"]
[BlackTeam "Duesseldorf SF 75"]
[WhiteTeamCountry "GER"]
[BlackTeamCountry "GER"]

1. e4 c5 2. Nf3 g6 3. Bc4 Bg7 4. c3 Nc6 5. 0-0 d6 6. Re1 Bd7 7. Qb3 e6 8. Qxb7 Rb8 9. Qa6 Rb6 10. Qa3 Qe7 11. d4 cxd4 12. cxd4 Nxd4 13. Nxd4 Bxd4 14. Qxa7 Bxb2 15. Qxb6 Bxa1 16. Bb2 Bxb2 17. Qxb2 Qf6 18. e5 dxe5 19. Qxe5 Qxe5 20. Rxe5 Nf6 21. Nc3 0-0 22. a4 Rc8 23. Ne4 Rxc4 24. Nxf6+ Kg7 25. Nh5+ gxh5 26. f3 Rxa4 27. Rxh5 Kg6 28. g4 Rf4 29. Kf2 Bc6 30. Rh3 e5 31. Ke3 f6 32. Rg3 Rb4 33. h4 h5 34. Kf2 Rb2+ 35. Kg1 Rb3 36. Kf2 Kh6 37. g5+ fxg5 38. hxg5+ Kg6 39. f4 Rb2+ 40. Ke3 exf4+ 41. Kxf4 Rf2+ 42. Ke3 Rf5 43. Ke2 Rxg5 44. Kf2 Rxg3 45. Kxg3 Kg5 46. Kh3 h4 47. Kh2 Kg4 48. Kg1 Kg3 49. Kf1 h3 50. Kg1 h2+ 51. Kf1 h1Q+ 52. Ke2 Qf3+ 53. Kd2 Kf2 54. Kc2 Qe3 55. Kb2 Qd3 56. Ka2 Qb5 57. Ka3 Ke2 58. Ka2 Kd2 59. Ka3 Kc2 60. Ka2 Qa4# 0-1

[Event "GER-chT U14"]
[Site "Magdeburg"]
[Date "2012.12.28"]
[Round "4.4"]
[White "Gula, Julian"]
[Black "Saenger, Julius"]
[Result "0-1"]
[WhiteElo "1372"]
[BlackElo "1029"]
[PlyCount "48"]
[EventDate "2012.12.27"]
[EventType "team-swiss"]
[EventRounds "7"]
[EventCountry "GER"]
[SourceTitle "EXT 2014"]
[Source "ChessBase"]
[SourceDate "2013.11.20"]
[SourceVersion "1"]
[SourceVersionDate "2013.11.20"]
[SourceQuality "1"]
[WhiteTeam "Duesseldorf SF 75"]
[BlackTeam "Hohentuebingen"]
[WhiteTeamCountry "GER"]
[BlackTeamCountry "GER"]

1. Nf3 d6 2. d4 Nc6 3. c4 e6 4. g3 d5 5. cxd5 exd5 6. Bg2 Nf6 7. 0-0 Qe7 8. e3 Bg4 9. Nc3 0-0-0 10. Qc2 Nb4 11. Qd1 Ne4 12. a3 Nc6 13. Qc2 g5 14. Nd2 f5 15. Ndxe4 fxe4 16. b4 Qf7 17. Bb2 Qh5 18. Rac1 Bf3 19. Bxf3 exf3 20. Kh1 Rd6 21. Qf5+ Kd8 22. h3 Be7 23. Qg4 Qxg4 24. hxg4 h5 0-1

[Event "GER-chT U12"]
[Site "Arendsee"]
[Date "2011.12.29"]
[Round "5.4"]
[White "Gula, Julian"]
[Black "Tiedemann, Fin Niklas"]
[Result "0-1"]
[WhiteElo "899"]
[BlackElo "1429"]
[PlyCount "53"]
[EventDate "2011.12.27"]
[EventType "team-swiss"]
[EventRounds "7"]
[EventCountry "GER"]
[SourceTitle "EXT 2022"]
[Source "ChessBase"]
[SourceDate "2021.10.06"]
[SourceVersion "1"]
[SourceVersionDate "2021.10.06"]
[SourceQuality "1"]
[WhiteTeam "Duesseldorf U12"]
[BlackTeam "Luebeck SV U12"]
[WhiteTeamCountry "GER"]
[BlackTeamCountry "GER"]

1. e4 e5 2. Nf3 Nc6 3. Bc4 Nf6 4. d3 Bc5 5. c3 0-0 6. 0-0 Kh8 7. Re1 d6 8. Bg5 h6 9. Bh4 Be6 10. Nbd2 Bxc4 11. Nxc4 Qd7 12. Bxf6 gxf6 13. Nh4 Rg8 14. Qf3 Qe6 15. Nf5 Rg6 16. h4 Rag8 17. Rad1 Ne7 18. g3 Nxf5 19. exf5 Rxg3+ 20. Qxg3 Rxg3+ 21. Kh2 Rh3+ 22. Kxh3 Qxf5+ 23. Kg2 Qxf2+ 24. Kh3 Qf3+ 25. Kh2 Bf2 26. Rf1 Qg3+ 27. Kh1 0-1

[Event "GER-chT U12"]
[Site "Arendsee"]
[Date "2011.12.27"]
[Round "2.4"]
[White "Hoppe, Andreas"]
[Black "Gula, Julian"]
[Result "1/2-1/2"]
[WhiteElo "1411"]
[BlackElo "899"]
[PlyCount "94"]
[EventDate "2011.12.27"]
[EventType "team-swiss"]
[EventRounds "7"]
[EventCountry "GER"]
[SourceTitle "EXT 2022"]
[Source "ChessBase"]
[SourceDate "2021.10.06"]
[SourceVersion "1"]
[SourceVersionDate "2021.10.06"]
[SourceQuality "1"]
[WhiteTeam "Hagen U12"]
[BlackTeam "Duesseldorf U12"]
[WhiteTeamCountry "GER"]
[BlackTeamCountry "GER"]

1. d4 d6 2. Nc3 c6 3. Nf3 Nd7 4. e3 Qc7 5. Bd3 e5 6. 0-0 Ngf6 7. dxe5 Nxe5 8. Nxe5 dxe5 9. Ne4 Be7 10. b3 0-0 11. Bb2 Rd8 12. Qe2 Nxe4 13. Bxe4 Be6 14. Qh5 g6 15. Qxe5 Qxe5 16. Bxe5 f6 17. Bc3 f5 18. Bf3 Rac8 19. Rfd1 Bg5 20. Rxd8+ Rxd8 21. Rd1 Re8 22. Rd6 Kf7 23. Kf1 Ke7 24. Bb4 Kf7 25. Ke2 Be7 26. Rd4 c5 27. Bxc5 Bxc5 28. Rh4 h5 29. Bxb7 Re7 30. Bf3 Rc7 31. c4 a5 32. Bd5 Bxd5 33. cxd5 Rd7 34. Ra4 Bb6 35. b4 Rxd5 36. bxa5 Rxa5 37. Rxa5 Bxa5 38. Kd3 Ke6 39. f3 Kd5 40. h3 h4 41. e4+ fxe4+ 42. fxe4+ Ke5 43. Ke3 Bb6+ 44. Kf3 Kf6 45. Kg4 Bc7 46. Kf3 Ba5 47. Kg4 Bc7 1/2-1/2